| 000 | 00559nam a2200181 a 4500 | ||
|---|---|---|---|
| 005 | 20210219160349.0 | ||
| 008 | 081020s1970 mx r 000 0 spa d | ||
| 035 | _aUPN01000163923 | ||
| 049 | _aUNE | ||
| 080 | _a314.745.3 (087.4) (100) CON. | ||
| 245 | 0 | 0 | _aConvención y protocolo sobre el estatuto de los refugiados. |
| 260 |
_aNueva York : _bONU, _c1970. |
||
| 300 | _a46 p. | ||
| 690 | _aRefugiados- Convenios | ||
| 690 | _aACNUR- Convenios | ||
| 710 | 2 | _aOficina del Alto Comisionado de las Naciones Unidas para los Refugiados. | |
| 905 | _aUNESCO | ||
| 999 |
_c136036 _d136036 |
||